000 00278nam a2200109Ia 4500
008 200302s9999 xx 000 0 und d
100 _aEntwurf , Plaunung &Others
245 _aReinberg -- Ecological Architecture
260 _bSpringer Wien, NY
260 _c2008
300 _a348 P
999 _c4829
_d4829